zpět

Detail výsledku týmu

Na Kovárně, Nový Hrádek

Datum a čas kvízu

42 Celkem bodů Celkový počet nahraných bodů na tomto kvízu bez doplňovacích otázek.
1. Pořadí na kvízu Konečné umístění týmu na tomto kvízu.

Zaznamenané odpovědi

# Otázka Odpověď Body Výsledky
1. Poradní výbor Rady Evropy vyzv... o slovenštinu 1
2. V italském městě Pesaro nechal... Luciano Pavarotti 1
3. Spousta z vás si jistě minulý... Bad Bunny 0
4. Tento klenot z horského křišťá... Fabergého vejce 1
5. Minulý týden se v Premier Leag... Manchester City, Erling Haaland 0
6. Jak jinak začít toto téma, než... žlutý trpaslík 1
7. Další otázku věnujme Zemi. Jed... 6378 km 1
8. Nyní se podíváme na planety, c... Uran; Venuše 1
9. Na řadě je rychlost planet. Co... B 1
10. Přiřaďte názvy těchto čtyř pla... 1B; 2D; 3C; 4A 1